| 000 | 00429nam a22001337a 4500 | ||
|---|---|---|---|
| 005 | 20231025144314.0 | ||
| 008 | 231025b |||||||| |||| 00| 0 eng d | ||
| 082 | _a347.1 TRI | ||
| 100 | _lEnglish | ||
| 245 |
_aTrial Advocacy Case Material : _bFlinders Aluminum Fabrication Corporation v. MISMO Fire Insurance Company |
||
| 260 |
_aSouth Africa _c1998 |
||
| 650 |
_aLegal Practice _bLaw |
||
| 942 |
_cBK _6ALISON_BN_VRIES |
||
| 999 |
_c62 _d62 |
||